000 00634cam a22002171 4500
001 ne 63000247
003 DLC
005 20260227111741.0
008 890908s1962 xx 000 0 ara
010 _ane 63000247
035 _a(OCoLC)23484550
040 _aDLC
_cMiU
_dOCoLC
_dDLC
042 _apremarc
050 0 0 _aDS238.A6
_bH5
100 1 _aHindāwī, Khalīl.
245 1 0 _aMaa̕ al-imām ʻAlī.
260 _c1962?
300 _a224 p.
_c20 cm.
600 0 0 _aʻAlī ibn Abī Ṭālib,
_cCaliph,
_dapproximately 600-661.
600 1 0 _aSharīf al-Raḍī, Muḥammad ibn al-Ḥusayn,
_d969 or 970-1016.
_tNahj al-balāghah.
999 _c45531
_d45531